Obálka Náhled e-knihy:
PDF Epub
Pro půjčování e-knih musíte být přihlášeni.
Jak si půjčit online?

Historie Duny. (2), Křížová výprava strojů /

Druhá část Historie Duny opět květnatě líčí urputný boj o světovládu mezi člověkem a dokonalým strojem.

Uloženo v:
Série:Historie Duny, část 2
Hlavní autor: Herbert, Brian, 1947- (Autor)
Další autoři: Anderson, Kevin J., 1962- (Autor), Chodilová, Dana, 1964- (Autor)
Médium: E-kniha
Jazyk:Czech
Vydáno: Praha : Baronet, 2024
Vydání:2. vydání
Témata:
Příbuzné jednotky:Z cyklu:: Historie Duny
Tagy:
Žádné tagy
LEADER 02428cam a2200481 i 4500
001 312274
003 CZ PrSKC
005 20260601215720.0
007 ta
008 240213s2024 xr g 000 f cze
015 |a cnb003589282 
020 |a 9788026921509  |q (vázáno) 
035 |a (OCoLC)1429250615 
040 |a ABG001  |b cze  |d OLA001  |e rda 
041 1 |a cze  |h eng 
072 7 |a 821.111(73)-3  |x Americká próza  |2 Konspekt 
080 |a 821.111(73)-31  |2 MRF 
080 |a (0:82-311.9)  |2 MRF 
100 1 |a Herbert, Brian,  |d 1947-  |7 jn20001103600  |4 aut 
240 1 0 |a Machine crusade.  |l Česky 
245 1 0 |a Historie Duny.  |n (2),  |p Křížová výprava strojů /  |c Brian Herbert, Kevin J. Anderson ; z anglického originálu Dune - The machine crusade přeložila ... Dana Chodilová 
246 3 0 |a Křížová výprava strojů 
250 |a 2. vydání 
264 1 |a Praha :  |b Baronet,  |c 2024 
300 |a 735 stran ;  |c 21 cm 
336 |a text  |b txt  |2 rdacontent 
337 |a bez média  |b n  |2 rdamedia 
338 |a svazek  |b nc  |2 rdacarrier 
520 2 |a Druhá část Historie Duny opět květnatě líčí urputný boj o světovládu mezi člověkem a dokonalým strojem.  |b Děj začíná více než dvacet let po skončení událostí zobrazených v předcházejícím díle. Základním tématem je urputný konflikt mezi lidmi a nelítostnými inteligentními stroji. Mezilidské vztahy mají meziplanetární rozměr a spusty různorodých zájmů se protínají v jednom bodě: touze po moci. 
655 7 |a americké romány  |7 fd131796  |2 czenas 
655 7 |a vědecko-fantastické romány  |7 fd133847  |2 czenas 
655 9 |a American fiction  |2 eczenas 
655 9 |a science fiction novels  |2 eczenas 
700 1 |a Anderson, Kevin J.,  |d 1962-  |7 jn20001103601  |4 aut 
700 1 |a Chodilová, Dana,  |d 1964-  |7 xx0017374  |4 trl 
765 1 |t Dune 
787 0 8 |i Z cyklu:  |t Historie Duny  |g 2 
900 |a ABA001  |b 20 
928 9 |a Albatros Media - Baronet 
044 |a xr 
910 |a RBIT002 
998 |d 396008  |a https://core.palmknihy.cz/api/books/396008/cover?s8qvlx  |b https://core.palmknihy.cz/api/books/396008/cover/400?s8qvlx  |c https://core.palmknihy.cz/api/books/396008/cover/50?s8qvlx  |e 2028-08-08  |g 736  |i 9788026921509  |j https://core.palmknihy.cz/api/books/396008/preview.epub  |k https://core.palmknihy.cz/api/books/396008/preview.pdf  |l   |q 49  |r 1  |s https://www.palmknihy.cz/kniha/396008  |t ebook  |y 2024  |z 0  |v Historie Duny  |w 2 
999 |d 312272